[Event "Treptower SV-USV VB Halle"]
[Site "Greifswald"]
[Date "2013.09.12"]
[Round "1.2"]
[White "Klodt, Daniel"]
[Black "Niggl, Michael"]
[Result "1-0"]
[WhiteElo "1752"]
[BlackElo "1419"]
[PlyCount "57"]
[EventDate "2013.??.??"]
[WhiteTeam "Treptower SV"]
[BlackTeam "USV VB Halle"]

1. e4 c5 2. Nf3 d6 3. d4 cxd4 4. Nxd4 Nf6 5. Nc3 a6 6. Be3 e6 7. Be2 Qc7 8. O-O
b5 9. a3 Bb7 10. f3 Nbd7 11. Qd2 d5 12. exd5 Nxd5 13. Nxd5 Bxd5 14. Rac1 Bd6
15. h3 Nf6 16. Bxb5+ axb5 17. Nxb5 Bh2+ 18. Kh1 Qg3 19. c4 Bc6 20. Qb4 Nh5 21.
Rcd1 Qb8 22. f4 Ng3+ 23. Kxh2 Nxf1+ 24. Rxf1 Bxb5 25. cxb5 Qb7 26. b6 f6 27.
Rc1 Rc8 28. Rxc8+ Qxc8 29. b7 1-0

[Event "Treptower SV-USV VB Halle"]
[Site "Greifswald"]
[Date "2013.09.12"]
[Round "1.3"]
[White "Geyer, Hannes"]
[Black "Hesse, Henrik"]
[Result "0-1"]
[WhiteElo "1313"]
[BlackElo "1512"]
[PlyCount "62"]
[EventDate "2013.??.??"]
[WhiteTeam "USV VB Halle"]
[BlackTeam "Treptower SV"]

1. e4 e5 2. Nf3 Nf6 3. Nc3 Bb4 4. d3 Bxc3+ 5. bxc3 Nc6 6. Bg5 O-O 7. Be2 d6 8.
O-O Qe7 9. Re1 Nd8 10. Nd2 Ne6 11. Be3 d5 12. f3 c5 13. Bf2 Qc7 14. Bh4 Nf4 15.
Bxf6 gxf6 16. g3 Nh3+ 17. Kg2 d4 18. cxd4 exd4 19. f4 Kh8 20. Bg4 Nxf4+ 21.
gxf4 Bxg4 22. Qxg4 Rg8 23. Qxg8+ Rxg8+ 24. Kf3 Qd7 25. f5 Qa4 26. Nb3 c4 27.
dxc4 Qxc4 28. Re2 Qc3+ 29. Kf2 Rg4 30. Rg1 Rf4+ 31. Kg2 Qf3# 0-1

[Event "Treptower SV-USV VB Halle"]
[Site "Greifswald"]
[Date "2013.09.12"]
[Round "1.4"]
[White "Klodt, Nicolas"]
[Black "zur Nieden, Philipp"]
[Result "1-0"]
[WhiteElo "1590"]
[BlackElo "1278"]
[PlyCount "73"]
[EventDate "2013.??.??"]
[WhiteTeam "Treptower SV"]
[BlackTeam "USV VB Halle"]

1. e4 e5 2. Nf3 Nc6 3. Bc4 Bc5 4. c3 d6 5. d4 exd4 6. cxd4 Bb6 7. h3 Nge7 8.
Bg5 O-O 9. Nc3 Bd7 10. O-O Kh8 11. Re1 f6 12. Bf4 Ng6 13. Bg3 a6 14. a3 Rc8 15.
Nd5 Ba7 16. Rc1 Qe8 17. b4 Nce7 18. Nc3 b5 19. Bb3 Nc6 20. Qd2 Qd8 21. Rc2 f5
22. e5 dxe5 23. dxe5 f4 24. Bh2 Qe7 25. e6 Be8 26. Nd5 Qd6 27. Qd1 Rd8 28. Rd2
Rf5 29. Qc2 Nd4 30. Nxd4 Rxd5 31. Bxd5 Qxd5 32. Nf3 Qa8 33. Qxc7 Rxd2 34. Nxd2
Nh4 35. Nf3 Nxf3+ 36. gxf3 Bb8 37. Qc8 1-0

[Event "SF Schwerin-SV Merseburg"]
[Site "Greifswald"]
[Date "2013.09.12"]
[Round "1.1"]
[White "Knopf, Felix"]
[Black "Siegert, Gregor"]
[Result "0-1"]
[WhiteElo "1968"]
[BlackElo "1859"]
[PlyCount "70"]
[EventDate "2013.??.??"]
[WhiteTeam "SV Merseburg"]
[BlackTeam "SF Schwerin"]

1. d4 Nf6 2. c4 g6 3. Nc3 Bg7 4. Nf3 O-O 5. e4 d6 6. Be2 e5 7. O-O Nc6 8. d5
Ne7 9. Ne1 Nd7 10. Be3 f5 11. f3 f4 12. Bf2 g5 13. Nd3 Nf6 14. c5 h5 15. cxd6
cxd6 16. Rc1 Rf7 17. Nb5 Ng6 18. Nxa7 Bd7 19. Qb3 g4 20. Qb6 Qb8 21. Rc7 g3 22.
hxg3 fxg3 23. Be3 Rxa7 24. Rxd7 Nxd7 25. Qxa7 Qd8 26. Rc1 Qh4 27. Ne1 Nf6 28.
Bd3 Ng4 29. Kf1 Qh1+ 30. Bg1 Nf4 31. Rc8+ Kh7 32. fxg4 Nxd3+ 33. Nf3 Rxf3+ 34.
gxf3 Qxf3+ 35. Bf2 gxf2 0-1

[Event "SF Schwerin-SV Merseburg"]
[Site "Greifswald"]
[Date "2013.09.12"]
[Round "1.2"]
[White "Frost, Jakob"]
[Black "Hoffmann, Dustin"]
[Result "0-1"]
[WhiteElo "1372"]
[BlackElo "1754"]
[PlyCount "120"]
[EventDate "2013.??.??"]
[WhiteTeam "SF Schwerin"]
[BlackTeam "SV Merseburg"]

1. e4 c5 2. Nf3 Nc6 3. Nc3 d6 4. Bc4 a6 5. d3 b5 6. Bd5 Bd7 7. a3 Nf6 8. Bg5 e6
9. Bb3 Be7 10. Qd2 h6 11. Bf4 Bc8 12. h3 d5 13. exd5 exd5 14. O-O Be6 15. Ne2
c4 16. Ba2 Qd7 17. Ned4 Rd8 18. Ne5 Nxe5 19. Bxe5 O-O 20. f4 Bf5 21. Rae1 Bh7
22. Kh1 Nh5 23. f5 Bf6 24. Rf3 Rfe8 25. Bxf6 Nxf6 26. b3 Rxe1+ 27. Qxe1 Re8 28.
Qf2 Qe7 29. bxc4 Qxa3 30. Bb3 dxc4 31. dxc4 Qa1+ 32. Kh2 Ne4 33. Qg1 Qxg1+ 34.
Kxg1 Nd2 35. Rc3 Nxb3 36. cxb3 Rc8 37. Kf2 Rc5 38. g4 g6 39. f6 g5 40. Ke3 Re5+
41. Kf2 bxc4 42. Rxc4 Bd3 43. Rc6 Kh7 44. b4 Kg6 45. Rd6 Re4 46. Kg3 Re3+ 47.
Kg2 Bc4 48. Nf5 Re6 49. Kf3 Rxd6 50. Nxd6 Bd5+ 51. Kf2 Kxf6 52. Nf5 Be6 53.
Nxh6 Kg7 54. Nf5+ Bxf5 55. gxf5 Kf6 56. Ke3 Kxf5 57. Kd4 g4 58. hxg4+ Kxg4 59.
Kc5 f5 60. Kb6 f4 0-1

[Event "SF Schwerin-SV Merseburg"]
[Site "Greifswald"]
[Date "2013.09.12"]
[Round "1.3"]
[White "Le Hong, Quang Anh"]
[Black "Wödl, Leon"]
[Result "1-0"]
[WhiteElo "1538"]
[BlackElo "1291"]
[PlyCount "59"]
[EventDate "2013.??.??"]
[WhiteTeam "SV Merseburg"]
[BlackTeam "SF Schwerin"]

1. Nf3 e6 2. d4 d5 3. c4 Nf6 4. Nc3 Nbd7 5. e3 c6 6. cxd5 exd5 7. Be2 Bd6 8.
O-O O-O 9. a4 Re8 10. Rb1 Bb4 11. Na2 Qe7 12. Nxb4 Qxb4 13. Bd2 Qe7 14. b4 Ne4
15. Qc2 Qf6 16. Rfc1 Re6 17. Be1 Qh6 18. Bd3 Nf8 19. Bxe4 Rxe4 20. b5 Bg4 21.
Nd2 Re6 22. Nf1 Bf3 23. gxf3 Qh3 24. Ng3 Rh6 25. Qf5 Qxh2+ 26. Kf1 Ng6 27. bxc6
Nh4 28. cxb7 g6 29. bxa8=Q+ Kg7 30. Qe5+ 1-0

[Event "SF Schwerin-SV Merseburg"]
[Site "Greifswald"]
[Date "2013.09.12"]
[Round "1.4"]
[White "Stuppe, Hannes"]
[Black "Handke, Moritz"]
[Result "1/2-1/2"]
[WhiteElo "1241"]
[BlackElo "1485"]
[PlyCount "88"]
[EventDate "2013.??.??"]
[WhiteTeam "SF Schwerin"]
[BlackTeam "SV Merseburg"]

1. e4 e5 2. Nf3 Nc6 3. Bb5 Nge7 4. Nc3 Ng6 5. d4 exd4 6. Nxd4 Bb4 7. Qd3 Nce5
8. Qg3 a6 9. Ba4 O-O 10. O-O c5 11. Nd5 cxd4 12. Nxb4 Qa5 13. Nd5 b5 14. Bb3
Bb7 15. Ne7+ Kh8 16. Bg5 f6 17. Nxg6+ Nxg6 18. Bf4 Bxe4 19. Rad1 Qb6 20. Bc7
Qa7 21. Bd6 Rfe8 22. Bf7 Rec8 23. Rfe1 Bxc2 24. Rc1 Bf5 25. Rc7 Rxc7 26. Bxc7
Rf8 27. Bxg6 Bxg6 28. Qd6 Rc8 29. Bb6 Qb7 30. h3 Qc6 31. Qxd4 Re8 32. Rxe8+
Bxe8 33. Qb4 Kg8 34. Qb3+ Qe6 35. Qxe6+ dxe6 36. Kf1 Kf7 37. Ke2 Bc6 38. g3 f5
39. f4 Bd5 40. a3 h6 41. h4 Kg6 42. Bd8 Kh5 43. Kf2 Kg6 44. b4 Kf7 1/2-1/2